000 00859nam a2200205Ia 4500
001 11648
003 GE_BSU
008 181216s||||||||xx |||||||||||||| ||und||
020 _a1512-083Х
040 _cGE_BSU
245 _aაუდიტი,აღრიცხვა,ფინანსები. №7(175) 2014.
245 _bყოველთვიური ჟურნალი მეწარმეებისა და ფინანსისტებისათვის
245 _cგენ.დირ.ფრიდონ ალშიბაია,მთ.რედ.გიორგი ცერცვაძე.
260 _aთბილისი
260 _c2014
300 _a56გვ.29სმ.
653 _aაუდიტი,აღრიცხვა,ფინანსები.
653 _aპერიოდიკა
942 _cCR
999 _c44834
_d44834